000 00591nam a2200205Ii 4500
003 JO-AjNU
008 230606s9999||||xx |||||||||||||| ||und||
020 _a0-205-06867-7
040 _aJO-AjNU
_beng
_erda
_cJO-AjNU
041 _aeng
050 1 4 _aQD453.2.B76 1980
100 3 _aBromberg, J. philip,
_eauthor
_96811
245 0 0 _aPHYICAL CHEMISTRY
264 3 1 _aBoston: Allyn and Bacon, INC,1980
300 _a882p
336 _atext
_btxt
_2rdacontent
337 _aunmediated
_bn
_2rdamedia
338 _avolume
_bnc
_2rdacarrier
650 4 _aChemistry-Physical and Theoretical
_96812
999 _aE3548
_c3530
_d3530